000
00345pam a2200157a 44500
008
230515b1926 xxu||||| |||| 00| 0 eng d
020
_a
NULL
041
_a
MARATHI
082
_a
1
100
_a
GODBOLE V.
245
_a
NIGHANTU RATNAKAR-1
250
_a
1
260
_a
SANGAI
_b
N.D.
_c
1926
300
_a
100
650
_a
NIGHANTU RATNAKAR-1
999
_c
496989
_d
496989